000
00290nam a22001337a 4500
008
170627b xxu||||| |||| 00| 0 eng d
020
_a
9780226065663
041
_a
eng
080
_a
05
100
_a
21
101
_a
gjl
245
_a
THE CRAFT OF RESEARCH
_c
BOOTH, W.C
942
_2
udc
_c
BK
999
_c
19231
_d
19231